Digital Marketing (Record no. 83097)

MARC details
000 -LEADER
fixed length control field 00388nam a22001577a 4500
003 - CONTROL NUMBER IDENTIFIER
control field URS
005 - DATE AND TIME OF LATEST TRANSACTION
control field 20250624140100.0
008 - FIXED-LENGTH DATA ELEMENTS--GENERAL INFORMATION
fixed length control field 250624b2015 xxu||||| |||| 00| 0 eng d
020 ## - INTERNATIONAL STANDARD BOOK NUMBER
International Standard Book Number 9781680954364
040 ## - CATALOGING SOURCE
Transcribing agency urs
050 ## - LIBRARY OF CONGRESS CALL NUMBER
Classification number HF 5415.32
Item number E28 2015
245 ## - TITLE STATEMENT
Title Digital Marketing
260 ## - PUBLICATION, DISTRIBUTION, ETC.
Place of publication, distribution, etc. New York:
Name of publisher, distributor, etc. 3G E‑Learning LLC,
Date of publication, distribution, etc. [2015]
700 ## - ADDED ENTRY--PERSONAL NAME
Personal name E‑Learning, 3G
942 ## - ADDED ENTRY ELEMENTS (KOHA)
Source of classification or shelving scheme Library of Congress Classification
Koha item type Foreign Books
Holdings
Withdrawn status Source of classification or shelving scheme Damaged status Not for loan Home library Current library Shelving location Date acquired Total Checkouts Full call number Barcode Date last seen Price effective from Koha item type
  Library of Congress Classification     Binangonan College Library Binangonan College Library Foreign Section 06/24/2025   HF 5415.32 E28 2015 URSBIN-03189 06/24/2025 06/24/2025 Foreign Books

University of Rizal System
Email us at univlibservices@urs.edu.ph

Visit our Website www.urs.edu.ph/library